Jennie - Love hangover - all lyrics - Statistiques

Statistiques générales
  • Ce quiz a été pris 78 fois
  • Le résultat moyen est 294 sur 500
Statistiques - réponses
Réponse % Correct
a
98%
I
98%
i
98%
love
95%
me
95%
hangover
93%
you
92%
do
88%
it
86%
so
85%
but
81%
fight
81%
over
81%
again
80%
with
78%
it's
76%
who
76%
This
75%
this
75%
don't
73%
I'm
73%
i'm
73%
up
71%
when
71%
and
69%
back
69%
fucking
69%
never
69%
say
69%
be
68%
sent
68%
unlike
68%
wake
68%
go
64%
know
63%
made
63%
shit
63%
oh
61%
round
61%
everytime
59%
keep
59%
swear
59%
talk
59%
the
59%
wanna
59%
call
58%
we
56%
for
53%
in
53%
behind
51%
shady
51%
got
49%
two
49%
come
47%
gon
46%
i'll
46%
really
46%
to
46%
did
44%
on
44%
play
44%
ah
42%
i'd
42%
yeah
42%
crazy
41%
gonna
41%
came
39%
lying
39%
until
39%
mind
37%
my
36%
one
36%
pourin
36%
right
36%
swore
36%
ain't
34%
ain''t
34%
said
34%
leave
32%
might
31%
now
31%
woke
31%
started
29%
switch
27%
time
27%
bitch
25%
that
25%
baby
24%
double
24%
she
24%
even
22%
gain
22%
had
22%
single
22%
triple
22%
cold
20%
hate
20%
til
20%
was
20%
all
19%
can't
19%
not
19%
apart
17%
daze
17%
drink
17%
father
17%
just
17%
lip
17%
sweat
17%
uh
17%
cracked
15%
if
15%
then
15%
at
14%
her
14%
naked
14%
awesome
12%
barely
12%
feel
12%
we're
12%
apartment
10%
check
10%
dead
10%
get
10%
head
10%
mine
10%
what's
10%
heart
8%
let's
8%
minute
8%
okay
8%
thinkin
8%
wanted
8%
babe
7%
growin
7%
hardly
7%
last
7%
next
7%
night
7%
spoke
7%
there
7%
told
7%
wants
7%
watching
7%
brought
5%
could
5%
dinner
5%
jokes
5%
meet
5%
oh-oh-oh
5%
possum
5%
still
5%
them
5%
though
5%
waiter
5%
you'd
5%
playing
3%
ah-oh
0%
oh-ph-oh
0%
thought
0%
uh-huh
0%
Aucun quiz correspondant
Distribution des résultats
% des personnes avec chaque résultat
Percentile par nombre de réponses
Votre historique - résultats
Vous n’avez pas pris ce quiz